| 000 | 00362nam a22001577a 4500 | ||
|---|---|---|---|
| 003 | MACL | ||
| 005 | 20170115121605.0 | ||
| 008 | 170115b xxu||||| |||| 00| 0 eng d | ||
| 040 | _cMACL | ||
| 082 | _a954 | ||
| 100 |
_aNCERT _94590 |
||
| 245 | _aThemes in World History Class Xl | ||
| 260 |
_aDelhi _bNCERT _c2014 |
||
| 650 |
_aHistory _966541 |
||
| 942 |
_2ddc _cBK |
||
| 999 |
_c55906 _d55906 |
||